[Event "European Women's Chess Club Cup 2023"]
[Site "Durres, Albania"]
[Date "2023.10.01"]
[Round "1.8"]
[White "Cramling, Pia"]
[Black "Janzelj, Lara"]
[Result "1-0"]
[TimeControl "90' + 30' & 30\""]
[WhiteElo "2446"]
[BlackElo "2143"]

1. d4 {[%clk 01:30:55]} {[%emt 00:00:04]} d5 {[%clk 01:30:51]} {[%emt
00:00:10]} 2. c4 {[%clk 01:31:14]} {[%emt 00:00:10]} c6 {[%clk 01:31:08]}
{[%emt 00:00:13]} 3. cxd5 {[%clk 01:30:51]} {[%emt 00:00:53]} cxd5 {[%clk
01:31:33]} {[%emt 00:00:07]} 4. Bf4 {[%clk 01:30:19]} {[%emt 00:01:00]} Nf6
{[%clk 01:28:52]} {[%emt 00:03:12]} 5. Nc3 {[%clk 01:28:46]} {[%emt 00:02:01]}
Nc6 {[%clk 01:25:22]} {[%emt 00:04:01]} 6. e3 {[%clk 01:28:56]} {[%emt
00:00:20]} a6 {[%clk 01:25:37]} {[%emt 00:00:15]} 7. Be2 {[%emt 00:03:00]} Bf5
{[%clk 01:23:51]} {[%emt 00:00:22]} 8. Nf3 {[%clk 01:28:30]} {[%emt 00:00:20]}
e6 {[%emt 00:03:37]} 9. Qb3 {[%clk 01:25:48]} {[%emt 00:01:07]} Ra7 {[%clk
01:20:12]} {[%emt 00:03:07]} 10. O-O {[%clk 01:24:31]} {[%emt 00:01:46]} Be7
{[%clk 01:19:44]} {[%emt 00:00:59]} 11. Ne5 {[%emt 00:10:04]} Nxe5 {[%clk
01:16:08]} {[%emt 00:01:49]} 12. Bxe5 {[%emt 00:02:42]} O-O {[%clk 01:13:11]}
{[%emt 00:00:59]} 13. Rfc1 {[%emt 00:14:01]} Nd7 {[%clk 01:01:03]} {[%emt
00:00:05]} 14. Bg3 {[%clk 01:15:56]} {[%emt 00:05:35]} b5 {[%emt 00:16:57]} 15.
a4 {[%clk 01:12:06]} {[%emt 00:00:30]} b4 {[%clk 00:44:17]} {[%emt 00:00:11]}
16. Nb1 {[%emt 00:11:23]} Nb6 {[%emt 00:12:48]} 17. Nd2 {[%emt 00:01:15]} Qd7
{[%emt 00:12:58]} 18. Nf3 {[%emt 00:11:34]} Rc8 {[%emt 00:03:18]} 19. a5 {[%emt
00:02:10]} Na8 {[%clk 00:25:14]} {[%emt 00:00:02]} 20. Qd1 {[%clk 00:34:01]}
{[%emt 00:06:08]} f6 {[%clk 00:21:58]} {[%emt 00:03:47]} 21. Nh4 {[%clk
00:32:56]} {[%emt 00:01:35]} Be4 {[%emt 00:00:39]} 22. f3 {[%clk 00:32:24]}
{[%emt 00:00:37]} Bg6 {[%clk 00:20:56]} {[%emt 00:01:49]} 23. Nxg6 {[%clk
00:29:56]} {[%emt 00:02:57]} hxg6 {[%clk 00:21:22]} {[%emt 00:00:04]} 24. Rxc8+
{[%clk 00:28:49]} {[%emt 00:01:38]} Qxc8 {[%clk 00:21:48]} {[%emt 00:00:03]} 25.
Rc1 {[%clk 00:28:39]} {[%emt 00:00:39]} Qd8 {[%clk 00:21:05]} {[%emt 00:01:14]}
26. Qc2 {[%emt 00:04:10]} Kf7 {[%emt 00:07:11]} 27. Qc6 {[%clk 00:18:36]}
{[%emt 00:01:19]} Qe8 {[%clk 00:15:15]} {[%emt 00:05:13]} 28. Bxa6 {[%clk
00:15:59]} {[%emt 00:03:06]} Qd8 {[%clk 00:12:50]} {[%emt 00:02:56]} 29. Bc8
{[%clk 00:14:50]} {[%emt 00:01:38]} Rxa5 {[%clk 00:10:17]} {[%emt 00:03:05]} 30.
Qxe6+ {[%clk 00:13:06]} {[%emt 00:02:12]} Kf8 {[%clk 00:10:44]} {[%emt
00:00:04]} 31. Bb7 {[%emt 00:02:41]} 1-0

[Event "European Women's Chess Club Cup 2023"]
[Site "Durres, Albania"]
[Date "2023.10.01"]
[Round "1.9"]
[White "Batsiashvili, Nino"]
[Black "Milliet, Sophie"]
[Result "1-0"]
[TimeControl "90' + 30' & 30\""]
[WhiteElo "2475"]
[BlackElo "2391"]

1. c4 {[%clk 01:30:57]} {[%emt 00:00:02]} e5 {[%clk 01:30:03]} {[%emt
00:00:58]} 2. Nc3 {[%clk 01:31:21]} {[%emt 00:00:06]} Bb4 {[%clk 01:30:03]}
{[%emt 00:00:32]} 3. Nd5 {[%clk 01:31:44]} {[%emt 00:00:07]} Be7 {[%clk
01:29:41]} {[%emt 00:00:50]} 4. d4 {[%clk 01:31:27]} {[%emt 00:00:46]} exd4
{[%clk 01:29:35]} {[%emt 00:00:37]} 5. Qxd4 {[%clk 01:31:37]} {[%emt 00:00:21]}
Nf6 {[%clk 01:29:57]} {[%emt 00:00:07]} 6. Nxe7 {[%clk 01:31:09]} {[%emt
00:00:57]} Qxe7 {[%clk 01:30:23]} {[%emt 00:00:06]} 7. Bg5 {[%clk 01:31:21]}
{[%emt 00:00:17]} Nc6 {[%clk 01:30:39]} {[%emt 00:00:14]} 8. Qc3 {[%clk
01:31:43]} {[%emt 00:00:07]} Ne5 {[%clk 01:30:55]} {[%emt 00:00:15]} 9. g3
{[%clk 01:28:45]} {[%emt 00:03:31]} h6 {[%clk 01:21:43]} {[%emt 00:09:39]} 10.
Bxf6 {[%clk 01:29:09]} {[%emt 00:00:06]} Qxf6 {[%clk 01:22:10]} {[%emt
00:00:04]} 11. Bg2 {[%clk 01:29:03]} {[%emt 00:00:35]} d6 {[%clk 01:17:07]}
{[%emt 00:05:33]} 12. Nh3 {[%clk 01:29:12]} {[%emt 00:00:21]} Bxh3 {[%clk
01:13:54]} {[%emt 00:03:43]} 13. Bxh3 {[%clk 01:28:45]} {[%emt 00:00:56]} O-O
{[%clk 01:10:08]} {[%emt 00:04:17]} 14. f4 {[%clk 01:23:52]} {[%emt 00:05:23]}
Nc6 {[%clk 01:10:26]} {[%emt 00:00:12]} 15. Qxf6 {[%clk 01:24:17]} {[%emt
00:00:05]} gxf6 {[%clk 01:10:55]} {[%emt 00:00:01]} 16. Kf2 {[%clk 01:20:03]}
{[%emt 00:04:44]} Rfe8 {[%clk 01:07:37]} {[%emt 00:03:48]} 17. Rhd1 {[%clk
01:20:07]} {[%emt 00:00:26]} Re4 {[%clk 01:06:48]} {[%emt 00:01:19]} 18. Rac1
{[%clk 01:18:43]} {[%emt 00:01:54]} Rae8 {[%clk 01:06:57]} {[%emt 00:00:21]} 19.
Bg4 {[%clk 01:17:33]} {[%emt 00:01:39]} Nd4 {[%clk 00:55:52]} {[%emt 00:11:35]}
20. Rd2 {[%clk 01:14:29]} {[%emt 00:03:35]} Kg7 {[%clk 00:44:34]} {[%emt
00:11:48]} 21. c5 {[%clk 00:57:43]} {[%emt 00:17:17]} h5 {[%clk 00:34:42]}
{[%emt 00:10:21]} 22. Bxh5 {[%clk 00:49:27]} {[%emt 00:08:46]} Rh8 {[%clk
00:34:31]} {[%emt 00:00:41]} 23. cxd6 {[%clk 00:47:06]} {[%emt 00:02:51]} cxd6
{[%clk 00:32:12]} {[%emt 00:02:49]} 24. g4 {[%clk 00:39:12]} {[%emt 00:08:24]}
Rxf4+ {[%clk 00:31:18]} {[%emt 00:01:24]} 25. Ke3 {[%clk 00:38:22]} {[%emt
00:01:20]} Ne6 {[%clk 00:31:04]} {[%emt 00:00:44]} 26. Rxd6 {[%clk 00:38:28]}
{[%emt 00:00:24]} Rb4 {[%clk 00:30:59]} {[%emt 00:00:35]} 27. Rd7 {[%clk
00:36:57]} {[%emt 00:02:02]} Rf8 {[%clk 00:30:52]} {[%emt 00:00:36]} 28. b3
{[%clk 00:35:38]} {[%emt 00:01:48]} Rb5 {[%clk 00:26:02]} {[%emt 00:05:20]} 29.
Re7 {[%clk 00:27:52]} {[%emt 00:08:17]} f5 {[%clk 00:10:14]} {[%emt 00:16:19]}
30. gxf5 {[%clk 00:24:46]} {[%emt 00:03:35]} Re5+ {[%clk 00:06:28]} {[%emt
00:04:16]} 31. Kd2 {[%clk 00:24:36]} {[%emt 00:00:41]} Rd8+ {[%clk 00:05:49]}
{[%emt 00:01:09]} 32. Ke1 {[%clk 00:24:51]} {[%emt 00:00:13]} Rxf5 {[%clk
00:06:10]} {[%emt 00:00:10]} 33. Bxf7 {[%clk 00:19:49]} {[%emt 00:05:32]} Rxf7
{[%clk 00:05:55]} {[%emt 00:00:45]} 34. Rxe6 {[%clk 00:20:15]} {[%emt
00:00:04]} Rh8 {[%clk 00:06:17]} {[%emt 00:00:07]} 35. Rc3 {[%clk 00:20:04]}
{[%emt 00:00:42]} Rxh2 {[%clk 00:06:31]} {[%emt 00:00:17]} 36. Kd2 {[%clk
00:20:32]} {[%emt 00:00:01]} Rd7+ {[%clk 00:05:15]} {[%emt 00:01:46]} 37. Rd3
{[%clk 00:20:59]} {[%emt 00:00:02]} Rc7 {[%clk 00:01:46]} {[%emt 00:04:00]} 38.
Rg3+ {[%clk 00:13:57]} {[%emt 00:07:32]} Kf7 {[%clk 00:02:11]} {[%emt
00:00:05]} 39. Re4 {[%clk 00:14:23]} {[%emt 00:00:03]} Rd7+ {[%clk 00:01:14]}
{[%emt 00:01:28]} 40. Rd3 {[%clk 00:13:00]} {[%emt 00:01:52]} Re7 {[%clk
00:00:51]} {[%emt 00:00:53]} 41. Rde3 {[%clk 00:11:00]} {[%emt 00:02:31]} Rxe4
{[%clk 00:16:09]} {[%emt 00:16:06]} 42. Rxe4 {[%clk 00:41:29]} {[%emt
00:00:01]} Rh8 {[%clk 00:14:05]} {[%emt 00:02:34]} 43. Kd3 {[%clk 00:41:32]}
{[%emt 00:00:27]} Rd8+ {[%clk 00:13:59]} {[%emt 00:00:35]} 44. Rd4 {[%clk
00:41:51]} {[%emt 00:00:11]} Rb8 {[%clk 00:14:25]} {[%emt 00:00:05]} 45. Rd7+
{[%clk 00:39:11]} {[%emt 00:03:10]} Ke6 {[%clk 00:14:50]} {[%emt 00:00:04]} 46.
Rh7 {[%clk 00:39:38]} {[%emt 00:00:03]} Kd5 {[%clk 00:13:30]} {[%emt 00:01:51]}
47. e4+ {[%clk 00:39:03]} {[%emt 00:01:04]} Kc5 {[%clk 00:10:14]} {[%emt
00:03:47]} 48. Kc3 {[%clk 00:39:06]} {[%emt 00:00:27]} a6 49. Rh5+ {[%clk
00:39:06]} Kd6 50. Kd4 {[%clk 00:39:06]} Rg8 51. e5+ {[%clk 00:39:06]} Kc6 52.
Rh6+ {[%clk 00:39:06]} Kc7 53. Kd5 {[%clk 00:39:06]} Rg2 54. Rh7+ {[%clk
00:39:06]} Kb6 55. e6 {[%clk 00:39:06]} Rd2+ 56. Ke5 {[%clk 00:39:06]} Re2+ 57.
Kf6 {[%clk 00:39:06]} Rf2 58. Ke7 {[%clk 00:39:06]} Rxa2 59. Kf8 {[%clk
00:39:06]} Rf2+ 60. Rf7 {[%clk 00:39:06]} Rh2 61. e7 {[%clk 00:39:06]} Rh8+ 62.
Kg7 {[%clk 00:39:06]} Re8 63. Kf6 {[%clk 00:39:06]} Kb5 64. Rf8 {[%clk
00:39:06]} Rxe7 65. Kxe7 {[%clk 00:39:06]} Kb4 66. Kd6 {[%clk 00:39:06]} Kxb3
67. Kc5 {[%clk 00:39:06]} 1-0

[Event "European Women's Chess Club Cup 2023"]
[Site "Durres, Albania"]
[Date "2023.10.01"]
[Round "1.10"]
[White "Gueci, Tea"]
[Black "Wagner, Dinara"]
[Result "1/2-1/2"]
[TimeControl "90' + 30' & 30\""]
[WhiteElo "2149"]
[BlackElo "2461"]

1. e4 {[%clk 01:30:57]} {[%emt 00:00:03]} c5 {[%clk 01:30:56]} {[%emt
00:00:05]} 2. Nf3 {[%clk 01:31:24]} {[%emt 00:00:03]} Nc6 {[%clk 01:31:20]}
{[%emt 00:00:05]} 3. Bb5 {[%clk 01:31:50]} {[%emt 00:00:06]} e6 {[%clk
01:31:41]} {[%emt 00:00:08]} 4. O-O {[%clk 01:32:15]} {[%emt 00:00:06]} Nge7
{[%clk 01:32:04]} {[%emt 00:00:07]} 5. d4 {[%clk 01:32:40]} {[%emt 00:00:04]}
cxd4 {[%clk 01:32:06]} {[%emt 00:00:28]} 6. Nxd4 {[%clk 01:33:04]} {[%emt
00:00:06]} Qb6 {[%clk 01:32:13]} {[%emt 00:00:23]} 7. Nxc6 {[%clk 01:33:22]}
{[%emt 00:00:13]} bxc6 {[%clk 01:32:37]} {[%emt 00:00:05]} 8. Be2 {[%clk
01:33:33]} {[%emt 00:00:20]} Ng6 {[%clk 01:32:44]} {[%emt 00:00:22]} 9. c4
{[%clk 01:32:54]} {[%emt 00:01:08]} Be7 {[%clk 01:32:54]} {[%emt 00:00:21]} 10.
Nc3 {[%clk 01:32:39]} {[%emt 00:00:45]} O-O {[%clk 01:33:01]} {[%emt 00:00:23]}
11. Rb1 {[%clk 01:32:01]} {[%emt 00:01:07]} Rd8 {[%clk 01:30:13]} {[%emt
00:03:27]} 12. Be3 {[%clk 01:26:11]} {[%emt 00:06:12]} Qc7 {[%clk 01:30:09]}
{[%emt 00:00:34]} 13. f4 {[%clk 01:21:48]} {[%emt 00:04:52]} d6 {[%clk
01:17:37]} {[%emt 00:13:03]} 14. g3 {[%clk 01:06:47]} {[%emt 00:15:31]} c5
{[%clk 01:08:09]} {[%emt 00:09:57]} 15. Qc2 {[%clk 01:01:25]} {[%emt 00:05:52]}
a6 {[%clk 01:04:31]} {[%emt 00:04:09]} 16. a3 {[%clk 00:57:33]} {[%emt
00:04:21]} Bb7 {[%clk 00:50:58]} {[%emt 00:14:03]} 17. Bf3 {[%clk 00:51:53]}
{[%emt 00:06:10]} Bf6 {[%clk 00:41:18]} {[%emt 00:10:11]} 18. Na4 {[%clk
00:32:16]} {[%emt 00:20:07]} Bd4 {[%clk 00:25:55]} {[%emt 00:15:53]} 19. Bxd4
{[%clk 00:28:26]} {[%emt 00:04:21]} cxd4 {[%clk 00:26:20]} {[%emt 00:00:04]} 20.
b4 {[%clk 00:28:00]} {[%emt 00:00:55]} Rac8 {[%clk 00:16:19]} {[%emt 00:10:32]}
21. Nb2 {[%clk 00:26:19]} {[%emt 00:02:11]} e5 {[%clk 00:15:50]} {[%emt
00:00:59]} 22. f5 {[%clk 00:23:31]} {[%emt 00:03:17]} Nf8 {[%clk 00:16:00]}
{[%emt 00:00:21]} 23. f6 {[%clk 00:20:17]} {[%emt 00:03:44]} d5 {[%clk
00:09:25]} {[%emt 00:07:05]} 24. exd5 {[%clk 00:16:03]} {[%emt 00:04:44]} Bxd5
{[%clk 00:09:20]} {[%emt 00:00:35]} 25. Bxd5 {[%clk 00:15:38]} {[%emt
00:00:54]} Rxd5 {[%clk 00:09:45]} {[%emt 00:00:05]} 26. Qd3 {[%clk 00:08:40]}
{[%emt 00:07:29]} Rd7 {[%clk 00:08:30]} {[%emt 00:01:45]} 27. fxg7 {[%clk
00:06:50]} {[%emt 00:02:19]} Kxg7 {[%clk 00:07:45]} {[%emt 00:01:16]} 28. Rbe1
{[%clk 00:04:21]} {[%emt 00:02:58]} Ng6 {[%clk 00:07:06]} {[%emt 00:01:09]} 29.
c5 {[%clk 00:04:09]} {[%emt 00:00:42]} Qc6 {[%clk 00:02:09]} {[%emt 00:05:28]}
30. Nc4 {[%clk 00:03:25]} {[%emt 00:01:14]} Re8 {[%clk 00:02:31]} {[%emt
00:00:07]} 31. Re4 {[%clk 00:02:31]} {[%emt 00:01:24]} Qb5 {[%clk 00:01:16]}
{[%emt 00:01:46]} 32. Rf3 {[%clk 00:02:16]} {[%emt 00:00:45]} Re6 {[%clk
00:00:46]} {[%emt 00:01:00]} 33. h4 {[%clk 00:01:57]} {[%emt 00:00:50]} h5
{[%clk 00:01:10]} {[%emt 00:00:06]} 34. Rf5 {[%clk 00:02:01]} {[%emt 00:00:25]}
a5 {[%clk 00:01:17]} {[%emt 00:00:23]} 35. Rxh5 {[%clk 00:01:24]} {[%emt
00:01:07]} axb4 {[%clk 00:01:44]} {[%emt 00:00:03]} 36. Qd2 {[%clk 00:00:41]}
{[%emt 00:01:14]} Qxc4 {[%clk 00:00:34]} {[%emt 00:01:40]} 37. Qh6+ {[%clk
00:01:07]} {[%emt 00:00:03]} Kf6 {[%clk 00:00:53]} {[%emt 00:00:11]} 38. Qg5+
{[%clk 00:01:15]} {[%emt 00:00:22]} Kg7 {[%clk 00:01:20]} {[%emt 00:00:02]} 39.
Qh6+ {[%clk 00:00:58]} {[%emt 00:00:48]} Kf6 {[%clk 00:01:47]} {[%emt
00:00:03]} 40. Qg5+ {[%clk 00:00:47]} {[%emt 00:00:40]} Kg7 {[%clk 00:02:15]}
{[%emt 00:00:03]} 1/2-1/2

[Event "European Women's Chess Club Cup 2023"]
[Site "Durres, Albania"]
[Date "2023.10.01"]
[Round "1.11"]
[White "Bulmaga, Irina"]
[Black "Grimaldi, Angela Flavia"]
[Result "1-0"]
[TimeControl "90' + 30' & 30\""]
[WhiteElo "2423"]
[BlackElo "1987"]

1. e4 {[%clk 01:30:55]} {[%emt 00:00:04]} c5 {[%clk 01:30:53]} {[%emt
00:00:09]} 2. Nf3 {[%clk 01:31:17]} {[%emt 00:00:07]} g6 {[%clk 01:31:17]}
{[%emt 00:00:05]} 3. c3 {[%clk 01:31:36]} {[%emt 00:00:11]} d5 {[%clk
01:31:37]} {[%emt 00:00:12]} 4. e5 {[%clk 01:31:48]} {[%emt 00:00:16]} Nc6
{[%clk 01:32:00]} {[%emt 00:00:08]} 5. d4 {[%clk 01:31:55]} {[%emt 00:00:23]}
cxd4 {[%clk 01:32:24]} {[%emt 00:00:06]} 6. cxd4 {[%clk 01:32:11]} {[%emt
00:00:13]} Bg4 {[%clk 01:32:49]} {[%emt 00:00:06]} 7. Bb5 {[%clk 01:30:50]}
{[%emt 00:01:50]} Qb6 {[%clk 01:33:03]} {[%emt 00:00:16]} 8. Bxc6+ {[%clk
01:25:25]} {[%emt 00:05:55]} bxc6 {[%clk 01:33:28]} {[%emt 00:00:19]} 9. Nbd2
{[%clk 01:25:21]} {[%emt 00:00:21]} Qb5 {[%clk 01:33:18]} {[%emt 00:00:41]} 10.
Qe2 {[%clk 01:08:04]} {[%emt 00:17:47]} e6 {[%clk 01:32:34]} {[%emt 00:01:14]}
11. h3 {[%clk 01:02:14]} {[%emt 00:06:20]} Bf5 {[%clk 01:13:29]} {[%emt
00:19:35]} 12. Qxb5 {[%clk 00:57:50]} {[%emt 00:04:54]} cxb5 {[%clk 01:10:44]}
{[%emt 00:03:15]} 13. Ke2 {[%clk 00:58:18]} {[%emt 00:00:02]} h5 {[%clk
01:10:19]} {[%emt 00:00:54]} 14. Rg1 {[%clk 00:56:52]} {[%emt 00:01:56]} h4
{[%clk 00:58:36]} {[%emt 00:12:13]} 15. Nb3 {[%clk 00:55:04]} {[%emt 00:02:18]}
Bc2 {[%clk 00:40:39]} {[%emt 00:18:28]} 16. Bg5 {[%clk 00:51:44]} {[%emt
00:03:52]} Bxb3 {[%clk 00:39:53]} {[%emt 00:01:14]} 17. axb3 {[%clk 00:52:07]}
{[%emt 00:00:07]} Be7 {[%clk 00:40:15]} {[%emt 00:00:07]} 18. Rgc1 {[%clk
00:49:31]} {[%emt 00:03:06]} Kd7 {[%clk 00:36:51]} {[%emt 00:03:55]} 19. Ra6
{[%clk 00:48:47]} {[%emt 00:01:13]} Bxg5 {[%clk 00:27:04]} {[%emt 00:10:18]} 20.
Nxg5 {[%clk 00:48:19]} {[%emt 00:00:58]} Nh6 {[%clk 00:26:54]} {[%emt
00:00:40]} 21. Rd6+ {[%clk 00:47:30]} {[%emt 00:01:18]} Ke8 {[%clk 00:26:53]}
{[%emt 00:00:31]} 22. Rc7 {[%clk 00:44:21]} {[%emt 00:03:40]} Nf5 {[%clk
00:24:53]} {[%emt 00:02:30]} 23. Rdd7 {[%clk 00:43:03]} {[%emt 00:01:47]} Nxd4+
{[%clk 00:23:47]} {[%emt 00:01:36]} 24. Kd3 {[%clk 00:43:11]} {[%emt 00:00:22]}
Nf5 {[%clk 00:21:43]} {[%emt 00:02:35]} 25. Nxf7 {[%clk 00:41:01]} {[%emt
00:02:39]} Rf8 {[%clk 00:21:37]} {[%emt 00:00:35]} 26. Ng5 {[%clk 00:39:41]}
{[%emt 00:01:52]} a5 {[%clk 00:17:43]} {[%emt 00:04:24]} 27. Nh7 {[%clk
00:38:58]} {[%emt 00:01:12]} 1-0

[Event "European Women's Chess Club Cup 2023"]
[Site "Durres, Albania"]
[Date "2023.10.01"]
[Round "1.12"]
[White "Martinelli, Valeria"]
[Black "Efroimski, Marsel"]
[Result "0-1"]
[TimeControl "90' + 30' & 30\""]
[WhiteElo "2008"]
[BlackElo "2447"]

1. e4 {[%clk 01:30:57]} {[%emt 00:00:03]} e6 {[%clk 01:30:52]} {[%emt
00:00:09]} 2. d4 {[%clk 01:31:21]} {[%emt 00:00:06]} d5 {[%clk 01:31:20]}
{[%emt 00:00:03]} 3. Nc3 {[%clk 01:31:45]} {[%emt 00:00:04]} Nf6 {[%clk
01:31:46]} {[%emt 00:00:04]} 4. e5 {[%clk 01:32:10]} {[%emt 00:00:06]} Nfd7
{[%clk 01:32:13]} {[%emt 00:00:02]} 5. Nce2 {[%clk 01:32:33]} {[%emt 00:00:07]}
c5 {[%clk 01:32:39]} {[%emt 00:00:05]} 6. c3 {[%clk 01:32:59]} {[%emt
00:00:04]} Nc6 {[%clk 01:33:06]} {[%emt 00:00:03]} 7. f4 {[%clk 01:33:02]}
{[%emt 00:00:28]} Be7 {[%clk 01:33:30]} {[%emt 00:00:05]} 8. Nf3 {[%clk
01:33:13]} {[%emt 00:00:18]} O-O {[%clk 01:33:53]} {[%emt 00:00:07]} 9. g3
{[%clk 01:33:35]} {[%emt 00:00:08]} b5 {[%clk 01:34:17]} {[%emt 00:00:06]} 10.
Bd2 {[%clk 01:21:55]} {[%emt 00:12:10]} Nb6 {[%clk 01:28:53]} {[%emt 00:05:55]}
11. b3 {[%clk 01:20:12]} {[%emt 00:02:13]} b4 {[%clk 01:22:59]} {[%emt
00:06:23]} 12. cxb4 {[%clk 01:11:34]} {[%emt 00:09:08]} cxb4 {[%clk 01:23:09]}
{[%emt 00:00:21]} 13. Nc1 {[%clk 01:03:33]} {[%emt 00:08:31]} Nd7 {[%clk
01:17:26]} {[%emt 00:06:13]} 14. Nd3 {[%clk 00:58:21]} {[%emt 00:05:42]} Qb6
{[%clk 01:17:16]} {[%emt 00:00:39]} 15. Be3 {[%clk 00:56:54]} {[%emt 00:01:57]}
f6 {[%clk 01:16:52]} {[%emt 00:00:54]} 16. Bh3 {[%clk 00:55:16]} {[%emt
00:02:08]} Kh8 {[%clk 01:12:26]} {[%emt 00:04:57]} 17. Bxe6 {[%clk 00:40:27]}
{[%emt 00:15:18]} Ndxe5 {[%clk 01:09:13]} {[%emt 00:03:43]} 18. Bxd5 {[%clk
00:27:58]} {[%emt 00:13:00]} Ng4 {[%clk 01:05:18]} {[%emt 00:04:24]} 19. Qd2
{[%clk 00:25:54]} {[%emt 00:02:34]} Bb7 {[%clk 00:57:35]} {[%emt 00:08:14]} 20.
O-O {[%clk 00:15:26]} {[%emt 00:10:58]} Rad8 {[%clk 00:55:26]} {[%emt
00:02:40]} 21. Bxc6 {[%clk 00:07:33]} {[%emt 00:08:23]} Bxc6 {[%clk 00:51:52]}
{[%emt 00:04:03]} 22. Rae1 {[%clk 00:04:50]} {[%emt 00:03:13]} Bb5 {[%clk
00:45:33]} {[%emt 00:06:49]} 23. h3 {[%clk 00:04:02]} {[%emt 00:01:19]} Nh6
{[%clk 00:45:36]} {[%emt 00:00:26]} 24. Bf2 {[%clk 00:03:53]} {[%emt 00:00:40]}
Qb7 {[%clk 00:42:46]} {[%emt 00:03:19]} 25. Be3 {[%clk 00:00:44]} {[%emt
00:03:39]} Nf5 {[%clk 00:41:54]} {[%emt 00:01:23]} 26. Kh2 {[%clk 00:01:08]}
{[%emt 00:00:06]} Qe4 {[%clk 00:41:41]} {[%emt 00:00:42]} 27. g4 {[%clk
00:00:35]} {[%emt 00:01:04]} Qxd3 {[%clk 00:39:02]} {[%emt 00:03:08]} 28. gxf5
{[%clk 00:00:32]} {[%emt 00:00:33]} Qxd2+ {[%clk 00:38:59]} {[%emt 00:00:34]}
29. Bxd2 {[%clk 00:00:44]} {[%emt 00:00:17]} Bxf1 {[%clk 00:39:11]} {[%emt
00:00:18]} 30. Rxe7 {[%clk 00:00:58]} {[%emt 00:00:15]} a5 {[%clk 00:39:24]}
{[%emt 00:00:18]} 31. Kg3 {[%clk 00:00:32]} {[%emt 00:00:57]} Bd3 {[%clk
00:39:39]} {[%emt 00:00:15]} 32. Ra7 {[%clk 00:30:30]} {[%emt 00:00:32]} 0-1

[Event "European Women's Chess Club Cup 2023"]
[Site "Durres, Albania"]
[Date "2023.10.01"]
[Round "1.13"]
[White "Lahav, Michal"]
[Black "Khotenashvili, Bella"]
[Result "0-1"]
[TimeControl "90' + 30' & 30\""]
[WhiteElo "2212"]
[BlackElo "2483"]

1. e4 {[%clk 01:30:54]} {[%emt 00:00:07]} c6 {[%clk 01:30:48]} {[%emt
00:00:11]} 2. d4 {[%clk 01:31:17]} {[%emt 00:00:07]} d5 {[%clk 01:31:07]}
{[%emt 00:00:12]} 3. exd5 {[%clk 01:31:35]} {[%emt 00:00:12]} cxd5 {[%clk
01:31:29]} {[%emt 00:00:07]} 4. c4 {[%clk 01:31:55]} {[%emt 00:00:10]} Nf6
{[%clk 01:31:43]} {[%emt 00:00:18]} 5. Nc3 {[%clk 01:32:14]} {[%emt 00:00:10]}
Nc6 {[%clk 01:31:41]} {[%emt 00:00:33]} 6. Nf3 {[%clk 01:32:32]} {[%emt
00:00:11]} g6 {[%clk 01:31:37]} {[%emt 00:00:34]} 7. cxd5 {[%clk 01:31:40]}
{[%emt 00:01:22]} Nxd5 {[%clk 01:31:56]} {[%emt 00:00:12]} 8. Qb3 {[%clk
01:31:57]} {[%emt 00:00:11]} Nxc3 {[%clk 01:31:58]} {[%emt 00:00:28]} 9. Bc4
{[%clk 01:31:52]} {[%emt 00:00:34]} Nd5 {[%clk 01:32:09]} {[%emt 00:00:20]} 10.
Bxd5 {[%clk 01:32:11]} {[%emt 00:00:11]} e6 {[%clk 01:32:36]} {[%emt 00:00:03]}
11. Bxc6+ {[%clk 01:31:18]} {[%emt 00:01:22]} bxc6 {[%clk 01:32:59]} {[%emt
00:00:08]} 12. O-O {[%clk 01:30:05]} {[%emt 00:01:43]} Qd5 {[%clk 01:28:22]}
{[%emt 00:05:08]} 13. Bf4 {[%clk 01:29:24]} {[%emt 00:01:10]} Be7 {[%clk
01:21:20]} {[%emt 00:07:32]} 14. Rfe1 {[%clk 01:24:26]} {[%emt 00:05:27]} f6
{[%clk 01:17:46]} {[%emt 00:04:05]} 15. Rac1 {[%clk 01:16:20]} {[%emt
00:08:35]} Qxb3 {[%clk 01:09:25]} {[%emt 00:08:52]} 16. axb3 {[%clk 01:16:47]}
{[%emt 00:00:03]} g5 {[%clk 01:09:30]} {[%emt 00:00:25]} 17. Bg3 {[%clk
01:15:50]} {[%emt 00:01:27]} Bd7 {[%clk 01:09:24]} {[%emt 00:00:37]} 18. Rc4
{[%clk 01:12:06]} {[%emt 00:04:13]} a5 {[%clk 01:03:03]} {[%emt 00:06:51]} 19.
Ra1 {[%clk 01:07:50]} {[%emt 00:04:46]} Kf7 {[%clk 01:03:28]} {[%emt 00:00:05]}
20. Ne1 {[%clk 01:04:58]} {[%emt 00:03:22]} h5 {[%clk 00:52:06]} {[%emt
00:11:53]} 21. h3 {[%clk 00:52:53]} {[%emt 00:12:34]} h4 {[%clk 00:49:44]}
{[%emt 00:02:52]} 22. Bc7 {[%clk 00:51:22]} {[%emt 00:02:01]} Ra7 {[%clk
00:48:27]} {[%emt 00:01:48]} 23. Bxa5 {[%clk 00:31:39]} {[%emt 00:20:12]} Rb8
{[%clk 00:44:18]} {[%emt 00:04:38]} 24. Nc2 {[%clk 00:31:58]} {[%emt 00:00:11]}
Rxb3 {[%clk 00:40:34]} {[%emt 00:04:15]} 25. Bc3 {[%clk 00:32:22]} {[%emt
00:00:06]} Rxa1+ {[%clk 00:40:30]} {[%emt 00:00:35]} 26. Nxa1 {[%clk 00:32:49]}
{[%emt 00:00:02]} Rb7 {[%clk 00:34:47]} {[%emt 00:06:14]} 27. Nc2 {[%clk
00:32:14]} {[%emt 00:01:05]} Ra7 {[%clk 00:34:49]} {[%emt 00:00:28]} 28. Bb4
{[%clk 00:12:20]} {[%emt 00:20:24]} Ra4 {[%clk 00:31:01]} {[%emt 00:04:17]} 29.
b3 {[%clk 00:12:42]} {[%emt 00:00:08]} Ra2 {[%clk 00:31:17]} {[%emt 00:00:15]}
30. Ne3 {[%clk 00:09:14]} {[%emt 00:03:57]} Ra1+ {[%clk 00:20:12]} {[%emt
00:11:35]} 31. Kh2 {[%clk 00:09:42]} {[%emt 00:00:02]} Bd8 {[%clk 00:17:17]}
{[%emt 00:03:25]} 32. Bd6 {[%clk 00:08:52]} {[%emt 00:01:20]} Ra5 {[%clk
00:12:29]} {[%emt 00:05:18]} 33. Kg1 {[%clk 00:06:10]} {[%emt 00:03:12]} Ke8
{[%clk 00:06:28]} {[%emt 00:06:30]} 34. Kh2 {[%clk 00:04:26]} {[%emt 00:02:15]}
Ra2 {[%clk 00:05:00]} {[%emt 00:01:58]} 35. Rb4 {[%clk 00:03:42]} {[%emt
00:01:14]} Bc8 {[%clk 00:04:27]} {[%emt 00:01:03]} 36. Nc4 {[%clk 00:00:41]}
{[%emt 00:03:32]} Kd7 {[%clk 00:04:09]} {[%emt 00:00:47]} 37. f4 {[%clk
00:00:37]} {[%emt 00:00:34]} Ba6 {[%clk 00:03:23]} {[%emt 00:01:16]} 38. Bb8
{[%clk 00:00:45]} {[%emt 00:00:23]} gxf4 {[%clk 00:03:22]} {[%emt 00:00:31]} 39.
Bxf4 {[%clk 00:00:52]} {[%emt 00:00:22]} Bb5 {[%clk 00:03:36]} {[%emt
00:00:17]} 40. Nd6 {[%clk 00:00:33]} {[%emt 00:00:49]} Bc7 {[%clk 00:03:12]}
{[%emt 00:00:53]} 0-1